000 00595nam a2200229Ia 4500
003 OSt
005 20220918201501.0
006 a|||||r|||| 00| 0
007 ta
008 220917b |||||||| |||| 00| 0 eng d
024 _a94,279
037 _cTextual
040 _aARTS
_cARTS
_beng
041 _2eng
_aeng
082 _aV1N45wN05, K4
100 _aHammaeskjod Dag
_998993
245 0 _aMarkings tr from Swedish by Leif Sjeberg and W H Auden
260 _c1964
650 _aHISTORY
942 _hV1N45wN05, K4
_cTEXL
_2CC
999 _c217904
_d217904